000 00548nam a2200205Ia 4500
005 20250923145703.0
008 008 250917s9999 xx 000 0 eng d
037 _aTextual
040 _aDSWL
_beng
_cDSWL
041 _aeng
_2eng
084 _aS, N64;2
_qDSWL
100 _aMurphy, G.
_9837946
245 3 _aAn introduction to psychology
_c by G. Murphy
260 _aNew Delhi
_bDelhi Oxford
_c1964
300 _axvii,583 p.
365 _aINR
_b8
925 _g8
942 _cTEXL
_hS, N64;2
999 _c1454362
_d1454362